[Event "Madrid 2011/2012- Semifinal A "]
[Site "Madrid ESP"]
[Date "2012.04.24"]
[Round "8.20"]
[White "Barroso Barroso, Jorge"]
[Black "Lopez Heras, Arturo"]
[Result "1/2-1/2"]
[WhiteElo "1763"]
[BlackElo "1882"]
[PlyCount "91"]
[EventDate "2012.04.10"]
[EventType "swiss"]
[EventRounds "9"]
[EventCountry "ESP"]
[Source "lmi"]
[SourceDate "2012.04.10"]

1. f4 d5 2. Nf3 c5 3. e3 Nc6 4. Bb5 Nf6 5. O-O a6 6. Bxc6+ bxc6 7. b3 e6 8. Bb2
Be7 9. Nc3 O-O 10. Ne2 a5 11. Ng3 a4 12. Ne5 Qc7 13. d3 Rd8 14. Qf3 Bb7 15. Ng4
Nxg4 16. Qxg4 d4 17. exd4 cxd4 18. f5 Ra5 19. f6 Bf8 20. fxg7 Bxg7 21. Nh5 Qe5
22. Nxg7 Qxg7 23. Qxg7+ Kxg7 24. b4 Rg5 25. Bc1 Rg6 26. g3 h5 27. Rf4 e5 28.
Rf5 h4 29. Rxe5 hxg3 30. Rg5 gxh2+ 31. Kxh2 Rh8+ 32. Kg3 Rh1 33. Rxg6+ Kxg6 34.
Bb2 Rxa1 35. Bxa1 Bc8 36. a3 Be6 37. Kf3 Ba2 38. Ke2 Bb1 39. Kd2 f5 40. Bxd4 f4
41. c4 Kf5 42. b5 cxb5 43. cxb5 Ba2 44. Kc3 Ke6 45. Kb4 Bb3 46. Bf2 1/2-1/2

[Event "Madrid 2011/2012- Semifinal A "]
[Site "Madrid ESP"]
[Date "2012.04.24"]
[Round "8.21"]
[White "Jimenez Gonzalez, Marcos"]
[Black "Lopez Peral, Enrique"]
[Result "1/2-1/2"]
[WhiteElo "1848"]
[BlackElo "1844"]
[PlyCount "41"]
[EventDate "2012.04.10"]
[EventType "swiss"]
[EventRounds "9"]
[EventCountry "ESP"]
[Source "lmi"]
[SourceDate "2012.04.10"]

1. c4 e6 2. g3 Nf6 3. Bg2 d5 4. Nf3 c6 5. O-O dxc4 6. a4 Qa5 7. Na3 Bxa3 8.
Rxa3 Nbd7 9. d4 cxd3 10. Qxd3 O-O 11. Bd2 Qd5 12. Nd4 Qh5 13. e3 Ne5 14. Qc2
Rd8 15. f4 Qg6 16. Qxg6 Nxg6 17. Ba5 Rd6 18. Bb4 Rd8 19. Ba5 Rd6 20. Bb4 Rd8
21. Ba5 1/2-1/2

[Event "Madrid 2011/2012- Semifinal A "]
[Site "Madrid ESP"]
[Date "2012.04.24"]
[Round "8.22"]
[White "Martinez Montalvo, Eduardo"]
[Black "Rodriguez Bachiller, Luis"]
[Result "1-0"]
[WhiteElo "1860"]
[BlackElo "1827"]
[PlyCount "49"]
[EventDate "2012.04.10"]
[EventType "swiss"]
[EventRounds "9"]
[EventCountry "ESP"]
[Source "lmi"]
[SourceDate "2012.04.10"]

1. e4 c5 2. d4 cxd4 3. c3 d5 4. exd5 Qxd5 5. cxd4 Nc6 6. Nf3 Bg4 7. Be2 Nf6 8.
Nc3 Qh5 9. h3 Bxf3 10. Bxf3 Qf5 11. O-O Qd7 12. d5 Ne5 13. Be2 a6 14. Bf4 Ng6
15. Bg3 e5 16. dxe6 Qxd1 17. exf7+ Kxf7 18. Bxd1 Be7 19. Bb3+ Kf8 20. Rad1 Rd8
21. Rxd8+ Bxd8 22. Rd1 Be7 23. Nd5 Nh5 24. Nxe7 Nxe7 25. Bd6 1-0

[Event "Madrid 2011/2012- Semifinal A "]
[Site "Madrid ESP"]
[Date "2012.04.24"]
[Round "8.23"]
[White "Hrybanova, Valeria"]
[Black "Sterling Carmona, Francisco"]
[Result "0-1"]
[WhiteElo "1498"]
[BlackElo "2072"]
[PlyCount "52"]
[EventDate "2012.04.10"]
[EventType "swiss"]
[EventRounds "9"]
[EventCountry "ESP"]
[Source "lmi"]
[SourceDate "2012.04.10"]

1. e4 d5 2. exd5 Qxd5 3. Nc3 Qa5 4. Nf3 Nf6 5. g3 Bg4 6. Bg2 Nc6 7. h3 Bh5 8.
g4 Bg6 9. d3 O-O-O 10. Be3 e5 11. O-O e4 12. Nh4 exd3 13. Nxg6 hxg6 14. cxd3
Bd6 15. f4 Ne7 16. a3 Ned5 17. Nxd5 Nxd5 18. Bd2 Qc5+ 19. Kh1 Qd4 20. Bxd5
Qxd5+ 21. Kh2 Qxd3 22. Rf3 Bxf4+ 23. Rxf4 Rxh3+ 24. Kg2 Qg3+ 25. Kf1 Rh1+ 26.
Ke2 Re8+ 0-1

[Event "Madrid 2011/2012- Semifinal A "]
[Site "Madrid ESP"]
[Date "2012.04.25"]
[Round "9.1"]
[White "Ramirez Garcia, Jorge Alberto"]
[Black "Martin Duque, Jesus"]
[Result "1/2-1/2"]
[WhiteElo "2222"]
[BlackElo "2176"]
[PlyCount "48"]
[EventDate "2012.04.10"]
[EventType "swiss"]
[EventRounds "9"]
[EventCountry "ESP"]
[Source "lmi"]
[SourceDate "2012.04.10"]

1. d4 Nf6 2. Nf3 d5 3. c4 c6 4. e3 e6 5. Nc3 Nbd7 6. Qc2 Bd6 7. b3 O-O 8. Be2
b6 9. O-O Bb7 10. e4 dxe4 11. Nxe4 Be7 12. Bb2 c5 13. Bd3 Bxe4 14. Bxe4 Nxe4
15. Qxe4 Nf6 16. Qe2 Qc7 17. Rad1 Rfd8 18. Rd3 cxd4 19. Bxd4 Qb7 20. Rfd1 Rd7
21. Ne5 Rd6 22. Bb2 Rad8 23. Rxd6 Rxd6 24. Rxd6 Bxd6 1/2-1/2

[Event "Madrid 2011/2012- Semifinal A "]
[Site "Madrid ESP"]
[Date "2012.04.25"]
[Round "9.2"]
[White "Serrano Salvador, Eduardo"]
[Black "Rodrigo Yanguas, Maria"]
[Result "0-1"]
[WhiteElo "2364"]
[BlackElo "2181"]
[PlyCount "120"]
[EventDate "2012.04.10"]
[EventType "swiss"]
[EventRounds "9"]
[EventCountry "ESP"]
[Source "lmi"]
[SourceDate "2012.04.10"]

1. d4 d5 2. Nf3 Nc6 3. Bg5 Nf6 4. e3 Ne4 5. Bh4 Bg4 6. Be2 f6 7. Nbd2 g5 8. Bg3
h5 9. h3 Nxg3 10. fxg3 Be6 11. Nb3 Qd6 12. Nc5 O-O-O 13. Qd3 Kb8 14. Qb5 Bc8
15. O-O-O e5 16. Rd3 exd4 17. Nxb7 Bxb7 18. Rb3 Nb4 19. a3 Qc6 20. Nxd4 Qxb5
21. Bxb5 c6 22. Bxc6 Nxc6 23. Nxc6+ Kc7 24. Nxd8 Bc8 25. Nf7 Rh7 26. Rc3+ Kd7
27. Rd1 Rxf7 28. Rxd5+ Ke6 29. Ra5 Bb7 30. Rxa7 Bxg2 31. Ra6+ Kf5 32. Ra5+ Kg6
33. h4 Bd6 34. e4 Be5 35. Rc6 Bxe4 36. Re6 Kf5 37. Re8 gxh4 38. gxh4 Kg4 39.
Ra4 Bf4+ 40. Kb1 f5 41. Rexe4 fxe4 42. Rxe4 Kxh4 43. b4 Kg3 44. Ka2 h4 45. Kb3
Kf2 46. Re8 Rh7 47. Rf8 Ke3 48. Re8+ Kd2 49. Rf8 Be3 50. Rf1 h3 51. c4 h2 52.
Rh1 Bf4 53. c5 Rg7 54. Kc4 Rg1 55. Rxh2+ Bxh2 56. a4 Rg4+ 57. Kb3 Kd3 58. a5
Rg1 59. a6 Rb1+ 60. Ka4 Kc4 0-1

[Event "Madrid 2011/2012- Semifinal A "]
[Site "Madrid ESP"]
[Date "2012.04.25"]
[Round "9.3"]
[White "Nuñez Reiz, Antonio"]
[Black "Elissalt Cardenas, Hector"]
[Result "1-0"]
[WhiteElo "2061"]
[BlackElo "2366"]
[PlyCount "85"]
[EventDate "2012.04.10"]
[EventType "swiss"]
[EventRounds "9"]
[EventCountry "ESP"]
[Source "lmi"]
[SourceDate "2012.04.10"]

1. d4 e6 2. Nf3 f5 3. g3 Nf6 4. Bg2 d5 5. O-O Bd6 6. c4 c6 7. b3 Qe7 8. Bb2 O-O
9. Nbd2 b6 10. Ne5 Bb7 11. Ndf3 a5 12. a3 Na6 13. Re1 c5 14. e3 Rfd8 15. Qe2
Qe8 16. Rad1 Nc7 17. Nd2 Rab8 18. a4 Na6 19. Nd3 Ne4 20. Nxe4 dxe4 21. Nc1 Nb4
22. f3 exf3 23. Bxf3 Bxf3 24. Qxf3 Qg6 25. Nd3 cxd4 26. exd4 Nxd3 27. Qxd3 e5
28. c5 bxc5 29. dxe5 Be7 30. Qc4+ Kh8 31. e6 h5 32. Rd7 Re8 33. Ba3 f4 34. Qxf4
Rxb3 35. Rxe7 Rxe7 36. Qf8+ Kh7 37. Qxe7 Rxa3 38. Qxc5 Rxa4 39. Qe3 Rb4 40. e7
Qe8 41. Qd3+ g6 42. Qd8 Rb8 43. Qxb8 1-0

[Event "Madrid 2011/2012- Semifinal A "]
[Site "Madrid ESP"]
[Date "2012.04.25"]
[Round "9.4"]
[White "Rodriguez De Castro, Ayar"]
[Black "Pastor Alonso De Prado, Alberto E"]
[Result "1-0"]
[WhiteElo "2160"]
[BlackElo "2218"]
[PlyCount "65"]
[EventDate "2012.04.10"]
[EventType "swiss"]
[EventRounds "9"]
[EventCountry "ESP"]
[Source "lmi"]
[SourceDate "2012.04.10"]

1. d4 d5 2. c4 Bf5 3. Nf3 e6 4. e3 Nc6 5. Bd2 Nf6 6. Qb3 Rb8 7. a3 Ne4 8. Nc3
Nxc3 9. Bxc3 a6 10. Be2 Be7 11. O-O O-O 12. Rac1 dxc4 13. Qxc4 Bd6 14. Rfd1 Ne7
15. Nd2 Bg6 16. Bf3 Nd5 17. g3 f6 18. Ne4 Bxe4 19. Bxe4 Qe7 20. Qe2 Rfe8 21.
Bg2 Nxc3 22. Rxc3 e5 23. d5 c5 24. e4 b5 25. Rc2 g6 26. Bf1 c4 27. a4 Rec8 28.
Rdc1 Qc7 29. axb5 axb5 30. Bh3 Rf8 31. b3 Qb6 32. bxc4 b4 33. c5 1-0

[Event "Madrid 2011/2012- Semifinal A "]
[Site "Madrid ESP"]
[Date "2012.04.25"]
[Round "9.5"]
[White "Garcia Prados, David"]
[Black "Gonzalez Mateos, Rafael"]
[Result "0-1"]
[WhiteElo "2070"]
[BlackElo "2157"]
[PlyCount "62"]
[EventDate "2012.04.10"]
[EventType "swiss"]
[EventRounds "9"]
[EventCountry "ESP"]
[Source "lmi"]
[SourceDate "2012.04.10"]

1. e4 e6 2. d4 d5 3. e5 c5 4. c3 Qb6 5. a3 Nc6 6. Nf3 c4 7. Be2 f6 8. O-O fxe5
9. dxe5 Nge7 10. Nbd2 Ng6 11. b4 cxb3 12. Nxb3 Be7 13. Be3 Qc7 14. Re1 O-O 15.
Bd4 Ngxe5 16. Nxe5 Nxe5 17. Qc2 Bd6 18. h3 Bd7 19. Bf1 Nc4 20. Bd3 h6 21. Bh7+
Kh8 22. Bxg7+ Kxg7 23. Qg6+ Kh8 24. Qxh6 Bf4 25. Qh5 Kg7 26. Bg6 Bh6 27. g4 Qf4
28. h4 Rf6 29. g5 Rxg6 30. Nc5 Bxg5 31. Rxe6 Bxe6 0-1

[Event "Madrid 2011/2012- Semifinal A "]
[Site "Madrid ESP"]
[Date "2012.04.25"]
[Round "9.6"]
[White "Cabañas Bravo, Juan Andres"]
[Black "Perez De Aranda A., Leonardo I"]
[Result "0-1"]
[WhiteElo "2092"]
[BlackElo "2107"]
[PlyCount "62"]
[EventDate "2012.04.10"]
[EventType "swiss"]
[EventRounds "9"]
[EventCountry "ESP"]
[Source "lmi"]
[SourceDate "2012.04.10"]

1. e4 c5 2. Nf3 d6 3. d4 cxd4 4. Nxd4 Nf6 5. Nc3 a6 6. Bg5 e6 7. f4 Be7 8. Qf3
Nbd7 9. Bc4 h6 10. Bh4 g5 11. fxg5 Ne5 12. Qe2 Nfg4 13. Bb3 Bxg5 14. Bg3 h5 15.
Nf3 Nxf3+ 16. gxf3 h4 17. Bxd6 Qxd6 18. fxg4 h3 19. O-O Bd7 20. Qf2 O-O-O 21.
Rad1 Qe5 22. Qxf7 Be3+ 23. Kh1 Bd4 24. Rxd4 Qxd4 25. Bxe6 Qd2 26. Bxd7+ Rxd7
27. Qf2 Rf7 28. Qc5+ Kb8 29. Qe5+ Ka7 30. Qc5+ Ka8 31. Rg1 Rf1 0-1

[Event "Madrid 2011/2012- Semifinal A "]
[Site "Madrid ESP"]
[Date "2012.04.25"]
[Round "9.7"]
[White "Vukotic Jovsic, Dragan"]
[Black "De La Fuente Gonzalez, Francisco"]
[Result "0-1"]
[WhiteElo "1955"]
[BlackElo "2193"]
[PlyCount "56"]
[EventDate "2012.04.10"]
[EventType "swiss"]
[EventRounds "9"]
[EventCountry "ESP"]
[Source "lmi"]
[SourceDate "2012.04.10"]

1. d4 d5 2. Bf4 Nf6 3. e3 Bf5 4. Nf3 e6 5. c4 Be7 6. Qb3 Qc8 7. Nc3 c6 8. Rc1
O-O 9. Nh4 Be4 10. cxd5 exd5 11. Be2 Rd8 12. f3 Bg6 13. Nxg6 hxg6 14. a4 Bd6
15. Bxd6 Rxd6 16. a5 Nbd7 17. Na4 Qc7 18. Qc3 Re8 19. Qa3 Qxa5+ 20. Rc3 Rde6
21. b4 Qd8 22. Kf2 Qe7 23. Rb1 b5 24. Nb2 Nb6 25. Nd1 Nc4 26. Bxc4 dxc4 27. Rc2
Nd5 28. e4 Qh4+ 0-1

[Event "Madrid 2011/2012- Semifinal A "]
[Site "Madrid ESP"]
[Date "2012.04.25"]
[Round "9.8"]
[White "Estrada Martinez, Cesar"]
[Black "Madurga Lopez, Ignacio"]
[Result "1-0"]
[WhiteElo "2114"]
[BlackElo "2073"]
[PlyCount "67"]
[EventDate "2012.04.10"]
[EventType "swiss"]
[EventRounds "9"]
[EventCountry "ESP"]
[Source "lmi"]
[SourceDate "2012.04.10"]

1. c4 Nf6 2. Nf3 g6 3. d4 Bg7 4. Nc3 O-O 5. e4 d6 6. Be2 e5 7. dxe5 dxe5 8. Bg5
h6 9. Qxd8 Rxd8 10. Bxf6 Bxf6 11. Nd5 c6 12. Nc7 Na6 13. Nxa8 Be6 14. O-O Rxa8
15. Rfe1 Nc5 16. Bf1 Bg7 17. b4 Na6 18. a3 Nc7 19. Red1 Kf8 20. Nd2 Ke8 21. c5
Nb5 22. Nc4 Bxc4 23. Bxc4 Nd4 24. a4 Bf8 25. Rab1 a6 26. Rd2 f6 27. f4 Rd8 28.
Kf1 Be7 29. g3 Rd7 30. Kg2 Rd8 31. fxe5 fxe5 32. Rf1 g5 33. Rf7 Rd7 34. Rh7 1-0

[Event "Madrid 2011/2012- Semifinal A "]
[Site "Madrid ESP"]
[Date "2012.04.25"]
[Round "9.9"]
[White "Garcia Gutierrez, Jose"]
[Black "Aguado Solana, Juan"]
[Result "1-0"]
[WhiteElo "2028"]
[BlackElo "2060"]
[PlyCount "57"]
[EventDate "2012.04.10"]
[EventType "swiss"]
[EventRounds "9"]
[EventCountry "ESP"]
[Source "lmi"]
[SourceDate "2012.04.10"]

1. Nf3 c5 2. c4 Nf6 3. Nc3 Nc6 4. e3 g6 5. Be2 Bg7 6. O-O O-O 7. d4 cxd4 8.
exd4 d5 9. Bf4 e6 10. Rc1 dxc4 11. Bxc4 Nd5 12. Bxd5 exd5 13. Qb3 Nxd4 14. Nxd4
Bxd4 15. Nb5 Qf6 16. Bh6 Rd8 17. Nc7 Rb8 18. Nxd5 Qh4 19. Bf4 Ra8 20. g3 Qh6
21. Rcd1 Bc5 22. Nf6+ Kg7 23. Rxd8 Be6 24. Qc3 Rxd8 25. Nd7+ Kg8 26. Nxc5 Bd5
27. f3 Re8 28. Qd2 Bc6 29. Qc2 1-0

[Event "Madrid 2011/2012- Semifinal A "]
[Site "Madrid ESP"]
[Date "2012.04.25"]
[Round "9.10"]
[White "Ocaña Lameiro, Oliver"]
[Black "Ciuro Muñoz, Ricardo"]
[Result "1-0"]
[WhiteElo "2002"]
[BlackElo "2110"]
[PlyCount "94"]
[EventDate "2012.04.10"]
[EventType "swiss"]
[EventRounds "9"]
[EventCountry "ESP"]
[Source "lmi"]
[SourceDate "2012.04.10"]

1. d4 Nf6 2. Bg5 e6 3. Nd2 d5 4. e3 Be7 5. Ngf3 Nbd7 6. Bd3 c5 7. c3 h6 8. Bh4
b6 9. O-O a5 10. Qe2 O-O 11. e4 Ra7 12. e5 Nh7 13. Bxe7 Qxe7 14. Ne1 cxd4 15.
cxd4 Nb8 16. f4 Ba6 17. Bxa6 Nxa6 18. a3 Qd7 19. Nef3 b5 20. Rfc1 Rb8 21. Nb3
a4 22. Nc5 Nxc5 23. dxc5 b4 24. Nd4 Nf8 25. c6 Qc7 26. Kh1 Ra5 27. axb4 Rxb4
28. Qd2 Rb8 29. b3 a3 30. b4 Raa8 31. b5 Ng6 32. g3 Ne7 33. Qb4 Qb6 34. Rc3 Nf5
35. Nxf5 exf5 36. c7 Rc8 37. Qc5 Qxc5 38. Rxc5 Ra5 39. Rxa3 Rxa3 40. b6 Rb3 41.
Rxd5 Kh7 42. Rd8 Rxb6 43. Rxc8 Rc6 44. Kg2 g5 45. Kf2 Kg7 46. Ke3 f6 47. exf6+
Kxf6 1-0

[Event "Madrid 2011/2012- Semifinal A "]
[Site "Madrid ESP"]
[Date "2012.04.25"]
[Round "9.11"]
[White "Pinel Mirasierra, Jose Pablo"]
[Black "Alvarez Abejon, Amilcar"]
[Result "1-0"]
[WhiteElo "1919"]
[BlackElo "2069"]
[PlyCount "49"]
[EventDate "2012.04.10"]
[EventType "swiss"]
[EventRounds "9"]
[EventCountry "ESP"]
[Source "lmi"]
[SourceDate "2012.04.10"]

1. d4 d5 2. c4 e6 3. Nf3 Nf6 4. g3 Be7 5. Bg2 O-O 6. O-O dxc4 7. Ne5 Nc6 8.
Nxc6 bxc6 9. Bxc6 Rb8 10. Bg2 Ba6 11. Nc3 Rb6 12. e4 c6 13. Qc2 Qb8 14. Rb1 e5
15. dxe5 Ng4 16. h3 Nxe5 17. Bf4 Bd6 18. Bxe5 Bxe5 19. Rfd1 Rd8 20. Rxd8+ Qxd8
21. Rd1 Qb8 22. Na4 g5 23. Nxb6 Qxb6 24. Qd2 Bxb2 25. Qxg5+ 1-0

[Event "Madrid 2011/2012- Semifinal A "]
[Site "Madrid ESP"]
[Date "2012.04.25"]
[Round "9.12"]
[White "Quintero Torres, Pedro"]
[Black "De La Horra Del Barco, Ricardo"]
[Result "1/2-1/2"]
[WhiteElo "2022"]
[BlackElo "2055"]
[PlyCount "105"]
[EventDate "2012.04.10"]
[EventType "swiss"]
[EventRounds "9"]
[EventCountry "ESP"]
[Source "lmi"]
[SourceDate "2012.04.10"]

1. e4 c6 2. d4 d5 3. exd5 cxd5 4. c4 Nf6 5. Nc3 e6 6. Nf3 Nc6 7. Bd3 Be7 8. O-O
O-O 9. Bg5 Nb4 10. Be2 dxc4 11. Bxc4 b6 12. a3 Nbd5 13. Nxd5 exd5 14. Be2 Bb7
15. Rc1 h6 16. Bf4 Bd6 17. Bxd6 Qxd6 18. Ne5 Rac8 19. Qa4 Rc7 20. Rc2 Rxc2 21.
Qxc2 Rc8 22. Qf5 Rc7 23. Qb1 Ne4 24. Qd3 Qf6 25. Bf3 Ng5 26. Bd1 Qf4 27. Bc2
Ba6 28. Qxa6 Rxc2 29. Qxa7 Qxd4 30. Qb8+ Kh7 31. Nd7 Ne6 32. Qxb6 Qe4 33. Qe3
Qf5 34. Qf3 Nf4 35. Nb6 d4 36. Na4 Rd2 37. g3 Ne2+ 38. Kg2 Qd7 39. Nc5 Qc8 40.
Re1 Qxc5 41. Rxe2 Rxe2 42. Qxe2 Qd5+ 43. Qf3 Qc4 44. Qe4+ g6 45. h4 h5 46. b4
f5 47. Qe7+ Kh6 48. Qf8+ Kh7 49. Qe7+ Kh6 50. Qg5+ Kh7 51. Qe7+ Kh6 52. Qg5+
Kh7 53. Qe7+ 1/2-1/2

[Event "Madrid 2011/2012- Semifinal A "]
[Site "Madrid ESP"]
[Date "2012.04.25"]
[Round "9.15"]
[White "Fernandez Garcia, Ignacio"]
[Black "Spitzer Isbert, Ramon"]
[Result "0-1"]
[WhiteElo "1909"]
[BlackElo "2046"]
[PlyCount "46"]
[EventDate "2012.04.10"]
[EventType "swiss"]
[EventRounds "9"]
[EventCountry "ESP"]
[Source "lmi"]
[SourceDate "2012.04.10"]

1. f4 e5 2. fxe5 d6 3. Nf3 dxe5 4. e4 Bc5 5. c3 Nc6 6. b4 Bb6 7. Na3 Nf6 8. Bc4
O-O 9. Qe2 Ng4 10. Rf1 Nxh2 11. Rh1 Ng4 12. d3 Bf2+ 13. Kd1 Bb6 14. Kc2 a5 15.
b5 Nb4+ 16. cxb4 axb4 17. Bd2 Rxa3 18. Rh4 h6 19. Rah1 Nf2 20. Bxb4 Ra4 21.
Bxf8 Qxf8 22. Nxe5 Nxh1 23. Bxf7+ Qxf7 0-1

[Event "Madrid 2011/2012- Semifinal A "]
[Site "Madrid ESP"]
[Date "2012.04.25"]
[Round "9.16"]
[White "Luna Hermoso, Angel"]
[Black "Camarero Izquierdo, Juan Carlos"]
[Result "1-0"]
[WhiteElo "2013"]
[BlackElo "1881"]
[PlyCount "77"]
[EventDate "2012.04.10"]
[EventType "swiss"]
[EventRounds "9"]
[EventCountry "ESP"]
[Source "lmi"]
[SourceDate "2012.04.10"]

1. d4 f5 2. e4 fxe4 3. Nc3 Nf6 4. Bg5 Nc6 5. d5 Ne5 6. Qd4 d6 7. Bxf6 exf6 8.
Bb5+ Bd7 9. Bxd7+ Qxd7 10. Nxe4 Qg4 11. Ne2 Qxg2 12. O-O-O Nf3 13. Qe3 O-O-O
14. Nf4 Qg4 15. h3 Qf5 16. Ng3 Qg5 17. Qxf3 g6 18. Kb1 f5 19. Ne6 Qf6 20. Ne4
Qe5 21. N4g5 Rd7 22. Rhe1 Qf6 23. Qa3 Kb8 24. Nxf8 Rxf8 25. Ne6 Rc8 26. Re3 Re7
27. Rde1 f4 28. Re4 Qf5 29. Qb3 g5 30. Nd8 Rxd8 31. Rxe7 a6 32. a4 h5 33. Rg7
g4 34. Ree7 Rc8 35. Qc4 Qf8 36. Rxc7 Qxg7 37. Rxc8+ Ka7 38. Rc7 Qe5 39. Qb3 1-0

[Event "Madrid 2011/2012- Semifinal A "]
[Site "Madrid ESP"]
[Date "2012.04.25"]
[Round "9.17"]
[White "Rojas Pozo, Jose Luis"]
[Black "Cano Mercado, Francisco Manuel"]
[Result "1/2-1/2"]
[WhiteElo "1976"]
[BlackElo "1872"]
[PlyCount "90"]
[EventDate "2012.04.10"]
[EventType "swiss"]
[EventRounds "9"]
[EventCountry "ESP"]
[Source "lmi"]
[SourceDate "2012.04.10"]

1. d4 d5 2. Nf3 e6 3. c4 Be7 4. Nc3 Nf6 5. Bg5 c6 6. e3 O-O 7. Qc2 Nbd7 8. cxd5
exd5 9. Bd3 h6 10. Bh4 Re8 11. O-O Ne4 12. Bxe7 Qxe7 13. a3 Ng5 14. Nxg5 Qxg5
15. e4 Nb6 16. f4 Qh4 17. e5 Bd7 18. Qf2 Qxf2+ 19. Rxf2 g6 20. Raf1 Nc4 21.
Bxc4 dxc4 22. Ne4 Re7 23. Nd6 Be6 24. h3 Kh7 25. g4 Bd5 26. Kh2 b5 27. f5 a5
28. h4 c5 29. dxc5 Rxe5 30. fxg6+ fxg6 31. Nxb5 Kg7 32. Nc3 Bg8 33. Na4 Bd5 34.
Rd2 Bc6 35. Nb6 Ra7 36. Nxc4 Rxc5 37. Rf4 Bb5 38. Nd6 Bc6 39. Rdf2 Rd5 40. Ne4
Re5 41. Nc3 Rae7 42. Rc4 Bb7 43. Rcf4 Bc6 44. Rc4 Bb7 45. Rcf4 Bc6 1/2-1/2

[Event "Madrid 2011/2012- Semifinal A "]
[Site "Madrid ESP"]
[Date "2012.04.25"]
[Round "9.18"]
[White "Andalon Gomez, Carlos Jesus"]
[Black "Santacruz Molina, Ildefonso"]
[Result "1-0"]
[WhiteElo "2035"]
[BlackElo "1933"]
[PlyCount "61"]
[EventDate "2012.04.10"]
[EventType "swiss"]
[EventRounds "9"]
[EventCountry "ESP"]
[Source "lmi"]
[SourceDate "2012.04.10"]

1. d4 Nf6 2. c4 g6 3. Nc3 d5 4. cxd5 Nxd5 5. e4 Nb6 6. Nf3 Bg7 7. Be2 O-O 8.
O-O a5 9. h3 a4 10. a3 c6 11. Bf4 Be6 12. Qc1 Re8 13. Be3 Bb3 14. Bd1 Nc4 15.
Bxb3 axb3 16. Ne2 Nxe3 17. fxe3 e5 18. Qc4 Rf8 19. Qxb3 Qe7 20. dxe5 Na6 21.
Rad1 Nc5 22. Qb4 Ra4 23. Qc3 Nxe4 24. Qc2 Qc5 25. Qxa4 Qxe3+ 26. Kh2 Bh6 27.
Qd4 Qxe2 28. Rde1 Bf4+ 29. Kg1 Ng3 30. Rf2 c5 31. Qxf4 1-0

[Event "Madrid 2011/2012- Semifinal A "]
[Site "Madrid ESP"]
[Date "2012.04.25"]
[Round "9.19"]
[White "Sterling Carmona, Francisco"]
[Black "Martinez Montalvo, Eduardo"]
[Result "1-0"]
[WhiteElo "2072"]
[BlackElo "1860"]
[PlyCount "95"]
[EventDate "2012.04.10"]
[EventType "swiss"]
[EventRounds "9"]
[EventCountry "ESP"]
[Source "lmi"]
[SourceDate "2012.04.10"]

1. d4 d5 2. c4 e5 3. dxe5 d4 4. Nf3 Nc6 5. g3 Nge7 6. Bg2 Ng6 7. O-O Ngxe5 8.
Qb3 Nxf3+ 9. Bxf3 Bd7 10. e3 Bc5 11. exd4 Nxd4 12. Re1+ Kf8 13. Qxb7 Nc2 14.
Qxa8 Qxa8 15. Bxa8 Nxe1 16. Be4 Bg4 17. Bf4 f5 18. Kf1 fxe4 19. Kxe1 Kf7 20.
Nc3 c6 21. Be3 Bxe3 22. fxe3 Bf3 23. Kd2 Rd8+ 24. Kc2 Ke6 25. b4 Rd3 26. Re1
Kd6 27. a4 g5 28. c5+ Kc7 29. b5 h5 30. Rb1 Rxe3 31. b6+ Kb7 32. a5 a6 33. Rb4
Bg4 34. Rd4 h4 35. Kd2 hxg3 36. hxg3 Rxg3 37. Nxe4 Rg2+ 38. Kd3 Bf5 39. Ke3
Bxe4 40. Kxe4 Rc2 41. Rd7+ Kc8 42. Rc7+ Kb8 43. Rxc6 g4 44. Kf4 Rc4+ 45. Kg3
Ra4 46. Rg6 Rxa5 47. c6 Kc8 48. Rg8# 1-0

[Event "Madrid 2011/2012- Semifinal A "]
[Site "Madrid ESP"]
[Date "2012.04.25"]
[Round "9.20"]
[White "Carrera Cabañeros, Francisco"]
[Black "Jimenez Gonzalez, Marcos"]
[Result "1/2-1/2"]
[WhiteElo "1814"]
[BlackElo "1848"]
[PlyCount "79"]
[EventDate "2012.04.10"]
[EventType "swiss"]
[EventRounds "9"]
[EventCountry "ESP"]
[Source "lmi"]
[SourceDate "2012.04.10"]

1. d4 d5 2. c4 e6 3. Nc3 c5 4. Nf3 Nc6 5. Bf4 a6 6. e3 Nf6 7. Bd3 Be7 8. Rc1
cxd4 9. exd4 dxc4 10. Bxc4 O-O 11. O-O b5 12. Bb3 Bb7 13. d5 exd5 14. Nxd5 Nxd5
15. Bxd5 Rc8 16. Ne5 Nxe5 17. Bxb7 Rxc1 18. Qxc1 Nd3 19. Qc7 Nxf4 20. Qxf4 Bd6
21. Qf3 Qb6 22. Rd1 Be5 23. b3 Bf6 24. g3 a5 25. Qe4 Rd8 26. Rxd8+ Qxd8 27. Bc6
b4 28. Bd5 g6 29. Qc4 Qe7 30. Kg2 Qa7 31. h4 Kg7 32. Qf4 Qd4 33. Qxd4 Bxd4 34.
g4 h6 35. f4 f6 36. Kf3 g5 37. fxg5 fxg5 38. hxg5 hxg5 39. Ke4 Bb2 40. Kf5
1/2-1/2

[Event "Madrid 2011/2012- Semifinal A "]
[Site "Madrid ESP"]
[Date "2012.04.25"]
[Round "9.21"]
[White "Rodriguez Bachiller, Luis"]
[Black "Hrybanova, Valeria"]
[Result "0-1"]
[WhiteElo "1827"]
[BlackElo "1498"]
[PlyCount "118"]
[EventDate "2012.04.10"]
[EventType "swiss"]
[EventRounds "9"]
[EventCountry "ESP"]
[Source "lmi"]
[SourceDate "2012.04.10"]

1. e4 e5 2. Nf3 Nc6 3. Bb5 Bc5 4. c3 d6 5. d4 exd4 6. cxd4 Bb4+ 7. Bd2 Bxd2+ 8.
Nbxd2 Bd7 9. Rc1 a6 10. Ba4 Nb4 11. Bxd7+ Qxd7 12. Qb3 Qb5 13. Rc4 Nc6 14. a3
Qxb3 15. Nxb3 Rc8 16. Ke2 Nf6 17. Rhc1 Kd7 18. d5 Ne7 19. Nfd2 Rhe8 20. f3
Nexd5 21. Kf2 Nf4 22. R4c3 b6 23. g3 Ng6 24. Nd4 Ne5 25. b4 d5 26. h3 dxe4 27.
f4 Nd3+ 28. Rxd3 exd3 29. Rc3 Ne4+ 30. Nxe4 Rxe4 31. Rxd3 g6 32. Nf3+ Ke8 33.
Ng5 Re7 34. Nxh7 f5 35. Nf6+ Kf7 36. Nd7 Rce8 37. Kf3 Kg7 38. g4 fxg4+ 39. hxg4
Rd8 40. Ne5 Rxd3+ 41. Nxd3 Kf6 42. Nf2 c6 43. Ne4+ Kg7 44. f5 Rd7 45. Ke3 Rd1
46. f6+ Kf7 47. g5 Ra1 48. Nd6+ Kf8 49. Nc4 b5 50. Ne5 Rxa3+ 51. Kf4 Ra4 52.
Nxg6+ Ke8 53. Kf5 Rxb4 54. Ke6 Re4+ 55. Ne5 b4 56. g6 b3 57. Kf5 Rxe5+ 58. Kxe5
b2 59. Ke6 b1=Q 0-1